Microcomputer programming : course of study : mathematics instructional area.

Bibliographic Details
Corporate Author: Morris Hills Regional District (N.J.)
Format: Microform Book
Language:English
Published: Rockaway, N.J. : Morris Hills Regional District, 1985.
Series:Kraus Curriculum Development library ; MA 9-092.
Subjects:

MARC

Tag First Indicator Second Indicator Subfields
LEADER 00000cam a2200000 a 4500
001 in00001280310
005 20151004063445.0
007 he amb024baca
008 920211s1985 nju bb l000 0 eng d
035 |a (OCoLC)25258151 
035 |9 AGX9135AM 
040 |a KRA  |c KRA  |d UtOrBLW 
049 |a TXAI 
090 |a LB1025.2  |b .K7x MA 9-092 
099 |a Fiche  |a C  |a 3276  |a MA 9-092. 
110 2 |a Morris Hills Regional District (N.J.) 
245 1 0 |a Microcomputer programming :  |b course of study : mathematics instructional area. 
264 1 |a Rockaway, N.J. :  |b Morris Hills Regional District,  |c 1985. 
300 |a 40 pages in various pagings ;  |c 22 x 28 cm. 
336 |a text  |b txt  |2 rdacontent 
337 |a microform  |b h  |2 rdamedia 
338 |a microfiche  |b he  |2 rdacarrier 
500 |a Cover title. 
500 |a "June 1985" 
504 |a Includes bibliography. 
533 |a Microfiche.  |b White Plains, N.Y. :  |c Kraus International Publications,  |d 1987.  |e 1 microfiche.  |f (Kraus Curriculum Development Library ; MA 9-092). 
500 |a Microform. 
610 2 0 |a Morris Hills Regional District (N.J.)  |x Curricula. 
650 0 |a Microcomputers  |x Study and teaching (Secondary)  |z New Jersey  |z Rockaway. 
830 0 |a Kraus Curriculum Development library ;  |v MA 9-092. 
999 |a MARS 
999 f f |s 27466047-b014-3f45-9244-0297e41b69df  |i baf45838-854f-3e1b-86ad-6330ee81ec9d  |t 0 
952 f f |p normal  |a Texas A&M University  |b College Station  |c Sterling C. Evans Library  |d Evans: Microforms Fiche (3rd floor)  |t 0  |e Fiche C 3276 MA 9-092.  |h Other scheme  |i microform -- microfiche  |m A14821278869 
998 f f |a Fiche C 3276 MA 9-092.  |t 0  |l Evans: Microforms Fiche (3rd floor)